000 02583nam a22003374a 4500
005 20100412111420.0
010 _aB-406922-930
020 _a9788170005636
_c1350.00
035 _aB-406922-930
037 _bPUB
082 _a025.213
245 _aIntellectual freedom manual /
_ccompiled by the Office for Intellectual Freedom of the American Library Association.
250 _a7th ed.
260 _aNew Delhi
_bEss Ess Publications
_c2009
270 _a4837/24, Ansari Road, Daryaganj
_bNew Delhi
_e110002
300 _axx, 521p.
_c25 cm(Hb)
500 _aIncludes bibliographical references (p. 497-498) and index
650 _a Libraries
_92273
650 _a Intellectual freedom
_92274
942 _2ddc
_cRF
_mINT
_h025.213
999 _c35215
_d35215